[Event "OpenGameCup2"]
[Site "SchemingMind.com"]
[Date "2023.10.08"]
[Round "-"]
[White "Robert Bruce"]
[Black "William Lindberg"]
[Result "0-1"]
[WhiteCountry "SCO"]
[BlackCountry "USA"]
[WhiteElo "2327"]
[WhiteRD "67"]
[BlackElo "2355"]
[BlackRD "66"]
[GameID "737928"]

1. e4 e5 2. f4 exf4 3. Nf3 g5 4. Nc3 Nc6 5. g3 g4 6. Nh4 f3 7. d4 Be7 8. Be3 d6 9. Qd2 Nf6 10. Bc4 Nxe4
11. Nxe4 d5 12. Nc3 dxc4 13. O-O Nb4 14. d5 c6 15. Rad1 Nxd5 16. Bd4 Rf8 17. b3 Be6 18. bxc4 Nb6 19. Qh6 Qc7 20. c5 Nd5
21. Nxd5 cxd5 22. c6 Qxc6 23. Rd3 Qxc2 24. Rdd1 Rg8 25. Rc1 Qe4 26. Qd2 Bg5 27. Qb2 Bxc1 28. Rxc1 Rc8 29. Rxc8+ Bxc8 30. Bf2 b6
31. a4 d4 32. Qc1 Bb7 33. h3 d3 34. a5 gxh3 35. a6 Bxa6 36. Qd2 Qxh4 37. Qe3+ Kd7 38. Qe5 Rg5 39. Qb8 Qe4 40. Kh2 d2
41. Qxa7+ Qb7 42. Kxh3 d1=Q 43. Kh4 Rf5 44. Kg4 Qb1 45. Qxb7+ Bxb7 46. Kh3 Qh1+ 47. Kg4 Qh5#
0-1

[Event "OpenGameCup2"]
[Site "SchemingMind.com"]
[Date "2023.10.08"]
[Round "-"]
[White "William Lindberg"]
[Black "Robert Bruce"]
[Result "1/2-1/2"]
[WhiteCountry "USA"]
[BlackCountry "SCO"]
[WhiteElo "2355"]
[WhiteRD "66"]
[BlackElo "2327"]
[BlackRD "67"]
[GameID "737929"]

1. e4 e5 2. Nf3 Nc6 3. Bb5 a6 4. Bxc6 dxc6 5. O-O Bg4 6. h3 h5 7. d3 Qf6 8. Nbd2 g5 9. b3 Qg7 10. Nc4 Bxf3
11. Qxf3 f6 12. Qe3 Qd7 13. Bb2 c5 14. h4 gxh4 15. f4 Bh6 16. Qxc5 Bxf4 17. Nxe5 Bxe5 18. Bxe5 h3 19. Bxf6 Nxf6 20. Qe5+ Qe7
21. Qxf6 Rg8 22. Qxe7+ Kxe7 23. Rf2 b5 24. Kh2 hxg2 25. Rxg2 Raf8 26. Rh1 b4 27. Kg1 Rh8 28. Rhh2 Rh7 29. Rg5 h4 30. Ra5 Rhf7
31. Re2 Rf6 32. Rc5 Kd7 33. Rg5 h3 34. Rc5 Rg8+ 35. Kh1 Rf1+ 36. Kh2 Rgg1 37. Kxh3 Rg7 38. Rd5+ Ke8 39. Kh2 Rfg1 40. Rh5 R1g4
41. Rh3 c5 42. Rh6 Kd8 43. Rf2 Kd7 44. Rd2 Ke7 45. Rf2 Ke8 46. Re2 Kf7 47. Rh3 R7g6 48. Rh5 a5 49. Rd2 Ke6 50. Rf2 Ke7
51. Rh7+ Kd6 52. Rh5 Ke6 53. Re2 Kd6 54. e5+ Ke6 55. Rh8 R4g5 56. Re1 Rg2+ 57. Kh3 R6g3+ 58. Kh4 Rg6 59. Kh3 R6g3+ 60. Kh4=
1/2-1/2

[Event "OpenGameCup2"]
[Site "SchemingMind.com"]
[Date "2023.10.12"]
[Round "-"]
[White "Uzi Mike"]
[Black "eliecercruzr"]
[Result "1/2-1/2"]
[WhiteCountry "USA"]
[BlackCountry "CUB"]
[WhiteElo "2246"]
[WhiteRD "83"]
[BlackElo "2313"]
[BlackRD "60"]
[GameID "738051"]

1. e4 e5 2. Nf3 Nc6 3. Bb5 a6 4. Bxc6 dxc6 5. O-O f6 6. d4 exd4 7. Nxd4 c5 8. Nb3 Qxd1 9. Rxd1 Bd6 10. Na5 Be5
11. Nc4 Be6 12. Nxe5 fxe5 13. a4 Rd8 14. Rxd8+ Kxd8 15. Be3 c4 16. a5 Ne7 17. f3 Nc6 18. c3 Ke7 19. Nd2 h6 20. Kf2 g5
21. g3 Kf6 22. f4 exf4 23. gxf4 gxf4 24. Bxf4 Ne5 25. Nf3 Nxf3 26. Kxf3 Rh7 27. Rd1 h5 28. Ke3 Rg7 29. Rf1 Bh3 30. Rf3 Rd7
31. Bxc7+ Ke6 32. Bb6 Rd3+= 33. Kf4 Rxf3+ 34. Kxf3 Bf1 35. Bd8 Bd3 36. Kf4 Bb1 37. Ke3 Bd3 38. Bc7 Bf1 39. Bg3 Bg2=
1/2-1/2

[Event "OpenGameCup2"]
[Site "SchemingMind.com"]
[Date "2023.10.11"]
[Round "-"]
[White "eliecercruzr"]
[Black "Uzi Mike"]
[Result "1/2-1/2"]
[WhiteCountry "CUB"]
[BlackCountry "USA"]
[WhiteElo "2383"]
[WhiteRD "60"]
[BlackElo "2247"]
[BlackRD "85"]
[GameID "738052"]

1. e4 e5 2. Nf3 d6 3. d4 exd4 4. Nxd4 Nf6 5. Nc3 Be7 6. Be2 O-O 7. Bf4 Re8 8. Qd2 Nc6 9. O-O-O Nxd4 10. Qxd4 a6
11. Rhe1 Be6 12. Qe3 Nd7 13. Bg3 b5 14. f4 Nb6 15. e5 d5 16. Qf2 Bb4 17. Bh4 Qc8 18. Qg3 Rb8 19. Rf1 Kh8 20. Kb1 c6
21. Bd3 Bg4 22. Ne2 Nc4 23. Qf2 Bf5 24. Nd4 Bg4 25. Nf3 Qc7 26. h3 Bxf3 27. Qxf3 Kg8= 28. c3 Bf8 29. Rf2 a5 30. g4 Be7
31. Bxe7 Qxe7 32. g5 Qc5 33. h4 b4 34. Bxc4 Qxc4 35. Rc1 Qa6 36. h5 Qc8 37. Qd3 Qe6 38. cxb4 Rxb4 39. a3 Re4 40. Qa6 h6
41. gxh6 Qxh6 42. Qxc6 Qxc6 43. Rxc6 a4 44. Rc7 Ra8 45. Ka2 d4 46. Rb7 d3 47. Rb4 Re3 48. Rd4 Kh7 49. Rd2 Kh6 50. R2xd3 Rxd3
51. Rxd3=
1/2-1/2

[Event "OpenGameCup2"]
[Site "SchemingMind.com"]
[Date "2023.10.20"]
[Round "-"]
[White "malcolm chugg"]
[Black "ray winteringham"]
[Result "1-0"]
[WhiteCountry "WLS"]
[BlackCountry "ENG"]
[WhiteElo "1150"]
[WhiteRD "51"]
[BlackElo "1389"]
[BlackRD "50"]
[GameID "738350"]

1. e4 e5 2. Bc4 Nf6 3. d3 a6 4. a3 Bc5 5. Bg5 h6 6. Bd2 d6 7. Nf3 Ng4 8. O-O b5 9. Ba2 Nc6 10. c3 Bd7
11. Be1 O-O 12. d4 exd4 13. cxd4 Bb6 14. h3 Nf6 15. d5 Ne7 16. e5 Nh7 17. h4 dxe5 18. Nxe5 Bc5 19. Nd3 Bd6 20. Nd2 Ng6
21. Nf3 Bg4 22. Bc3 Nf4 23. g3 Nh3+ 24. Kg2 g5 25. Nde1 Re8 26. Qd4 gxh4 27. Qxg4+ N7g5 28. Nxg5 Nxg5 29. Qxh4 Kh7 30. Qh5 f5
31. Rh1 Nf7 32. Qxf7#
1-0

[Event "OpenGameCup2"]
[Site "SchemingMind.com"]
[Date "2023.10.19"]
[Round "-"]
[White "ray winteringham"]
[Black "malcolm chugg"]
[Result "1-0"]
[WhiteCountry "ENG"]
[BlackCountry "WLS"]
[WhiteElo "1389"]
[WhiteRD "50"]
[BlackElo "1150"]
[BlackRD "51"]
[GameID "738351"]

1. e4 e5 2. Bc4 Nf6 3. d3 c6 4. Nf3 Qa5+ 5. Bd2 Qc5 6. Ng5 d5 7. Bb3 Be7 8. O-O Nfd7 9. Nc3 Nb6 10. Qf3 f6
11. Nh3 N8d7 12. Qh5+ g6 13. Qf3 Nf8 14. Be3 g5 15. Bxc5 Bxh3 16. Bxe7 Kxe7 17. Qxh3 Kd6 18. exd5 Nfd7 19. dxc6 bxc6 20. Qf5 Kc7
21. Qf3 Rae8 22. Ne4 Ref8 23. Be6 h5 24. Bxd7 Nxd7 25. Qe3 Ra8 26. a4 a5 27. d4 Rab8 28. b3 h4 29. dxe5
1-0

[Event "OpenGameCup2"]
[Site "SchemingMind.com"]
[Date "2023.10.28"]
[Round "-"]
[White "MazetaFighter"]
[Black "Robert Hatfield"]
[Result "1-0"]
[WhiteCountry "GRE"]
[BlackCountry "USA"]
[WhiteElo "2147"]
[WhiteRD "76"]
[BlackElo "1770"]
[BlackRD "64"]
[GameID "738471"]

1. e4 e5 2. Nf3 Nc6 3. Bb5 a6 4. Bxc6 dxc6 5. d4 exd4 6. Qxd4 Bg4 7. Nc3 Bxf3 8. Qxd8+ Rxd8 9. gxf3 Bb4 10. Bd2 Ne7
11. Ke2 Bxc3 12. Bxc3 Rg8 13. Rad1 Rd6 14. Rd3 Ng6 15. Ke3 f6 16. Rhd1 Ke7 17. Bb4 Ne5 18. Rd4 a5 19. Bxd6+ cxd6 20. b3 Nf7
21. f4 Rb8 22. c4 Rd8 23. h4 Rb8 24. h5 c5 25. Rd5 Rd8 26. f3 Rb8 27. e5 Rd8 28. exd6+ Nxd6 29. Rxc5 b6 30. Rcd5
1-0

[Event "OpenGameCup2"]
[Site "SchemingMind.com"]
[Date "2023.10.27"]
[Round "-"]
[White "Robert Hatfield"]
[Black "MazetaFighter"]
[Result "1/2-1/2"]
[WhiteCountry "USA"]
[BlackCountry "GRE"]
[WhiteElo "1770"]
[WhiteRD "64"]
[BlackElo "2147"]
[BlackRD "76"]
[GameID "738472"]

1. e4 e5 2. Nf3 Nc6 3. Nc3 Nf6 4. Bb5 Bb4 5. O-O O-O 6. Bxc6 dxc6 7. d3 Nd7 8. Ne2 Re8 9. Be3 Nf8 10. c3 Bd6
11. h3 Ng6 12. Qd2 Bd7 13. b4 a5 14. bxa5 Rxa5 15. Rfb1 b6 16. Ng3 f6 17. Nf5 Bxf5 18. exf5 Nf4 19. Bxf4 exf4 20. Nd4 Qd7
21. Re1 Rae5 22. Rxe5 Rxe5 23. Re1 c5 24. Rxe5 fxe5 25. Ne6 Qf7 26. Ng5 Qxf5 27. Ne4 Be7 28. Qe2 c6 29. Qf3 g6 30. Nd2 Qe6=
1/2-1/2

[Event "OpenGameCup2"]
[Site "SchemingMind.com"]
[Date "2023.11.06"]
[Round "-"]
[White "flyinduck"]
[Black "Chessibelle"]
[Result "1-0"]
[WhiteCountry "CAN"]
[BlackCountry "ENG"]
[WhiteElo "1995"]
[WhiteRD "73"]
[BlackElo "1126"]
[BlackRD "55"]
[GameID "738831"]

1. e4 e5 2. Nf3 d6 3. d4 h6 4. dxe5 Bd7 5. Bc4 Ne7 6. O-O b6 7. exd6 Nec6 8. dxc7 Qxc7 9. Nc3 Be7 10. Nb5 Qd8
11. Bf4 O-O 12. Nc7 Na5 13. Bd5 Nbc6 14. Nxa8 Qxa8 15. Ne5 Qc8 16. Nxd7 Qxd7 17. Bxf7+ Kxf7 18. Qxd7
1-0

[Event "OpenGameCup2"]
[Site "SchemingMind.com"]
[Date "2023.11.05"]
[Round "-"]
[White "Chessibelle"]
[Black "flyinduck"]
[Result "0-1"]
[WhiteCountry "ENG"]
[BlackCountry "CAN"]
[WhiteElo "1126"]
[WhiteRD "55"]
[BlackElo "1995"]
[BlackRD "73"]
[GameID "738832"]

1. e4 e5 2. Nc3 Nf6 3. d3 Bc5 4. Qf3 h6 5. Qg3 d6 6. Qxg7 Bxf2+ 7. Kxf2 Rg8 8. Qxh6 Ng4+ 9. Ke2 Nxh6 10. g3 Bg4+
11. Nf3 Nc6 12. b3 Nd4+ 13. Kf2 Bxf3 14. Rg1 Ng4+ 15. Ke1 Nxc2+ 16. Kd2 Nxa1
0-1

[Event "OpenGameCup2"]
[Site "SchemingMind.com"]
[Date "2023.11.11"]
[Round "-"]
[White "pnwmusichound"]
[Black "The Stonewall"]
[Result "0-1"]
[WhiteCountry "USA"]
[BlackCountry "ENG"]
[WhiteElo "1824"]
[WhiteRD "107"]
[BlackElo "2295"]
[BlackRD "72"]
[GameID "738944"]

1. e4 e5 2. Nf3 Nc6 3. Bc4 Bc5 4. O-O Nf6 5. d3 d6 6. c3 a5 7. a4 O-O 8. h3 Qe7 9. Nbd2 Be6 10. Bxe6 fxe6
11. Qb3 Nh5 12. Qxb7 Rab8 13. Qa6 Qd7 14. Qc4 Ba7 15. d4 d5 16. Qd3 Nf4 17. Qe3 exd4 18. cxd4 Nxd4 19. Qe1 Nc2 20. Qd1 Nxa1
21. b3 dxe4 22. Ne5 Qd5 23. Bb2 Nxb3 24. Nxb3 Rxb3 25. Ba1 Bxf2+ 26. Kh2 Rxh3+ 27. gxh3 Qa2
0-1

[Event "OpenGameCup2"]
[Site "SchemingMind.com"]
[Date "2023.11.12"]
[Round "-"]
[White "The Stonewall"]
[Black "pnwmusichound"]
[Result "1-0"]
[WhiteCountry "ENG"]
[BlackCountry "USA"]
[WhiteElo "2295"]
[WhiteRD "72"]
[BlackElo "1824"]
[BlackRD "107"]
[GameID "738945"]

1. e4 e5 2. Nc3 Nf6 3. g3 d5 4. exd5 Nxd5 5. Bg2 Nxc3 6. bxc3 Bd6 7. Nf3 Nc6 8. O-O O-O 9. d3 f5 10. Rb1 f4
11. Nd2 Bc5 12. Qe2 Bb6 13. Nc4 Qf6 14. Bd5+ Kh8 15. Ba3 Rd8 16. Bxc6 bxc6 17. Qxe5 fxg3 18. Qxf6 gxf2+ 19. Qxf2 Bxf2+ 20. Rxf2 Bh3
21. Rf7 Rac8 22. Re1 Rg8 23. Bc5 h6 24. Bxa7 Rcf8 25. Ree7 Rxf7 26. Rxf7 Kh7 27. Bd4 Be6 28. Rxc7
1-0

[Event "OpenGameCup2"]
[Site "SchemingMind.com"]
[Date "2023.11.19"]
[Round "-"]
[White "Tintinyana"]
[Black "Phillip Beckett"]
[Result "1-0"]
[WhiteCountry "RSA"]
[BlackCountry "ENG"]
[WhiteElo "1637"]
[WhiteRD "102"]
[BlackElo "1545"]
[BlackRD "53"]
[GameID "739317"]

1. e4 e5 2. Nf3 Nc6 3. d4 exd4 4. Bc4 Nf6 5. O-O Bc5 6. e5 d5 7. exf6 dxc4 8. fxg7 Rg8 9. Re1+ Be6 10. Ng5 Qd5
11. Nc3 Qf5 12. g4 Qg6 13. Nce4 O-O-O 14. Nxe6 fxe6 15. Nxc5 Rxg7 16. h3 h5 17. Nxe6
1-0

[Event "OpenGameCup2"]
[Site "SchemingMind.com"]
[Date "2023.11.19"]
[Round "-"]
[White "Phillip Beckett"]
[Black "Tintinyana"]
[Result "0-1"]
[WhiteCountry "ENG"]
[BlackCountry "RSA"]
[WhiteElo "1545"]
[WhiteRD "53"]
[BlackElo "1637"]
[BlackRD "102"]
[GameID "739318"]

1. e4 e5 2. Nf3 Bc5 3. Nc3 Nc6 4. Nxe5 Qh4 5. Nd3 Bb6 6. Qe2 Nd4 7. g3 Qh6 8. Qd1 c6 9. Bg2 d6 10. O-O Nf6
11. Nf4 Bg4 12. f3 Nxf3+ 13. Kh1 Qxh2#
0-1

[Event "OpenGameCup2"]
[Site "SchemingMind.com"]
[Date "2023.11.20"]
[Round "-"]
[White "Allan Sedstrem"]
[Black "Helga1946"]
[Result "0-1"]
[WhiteCountry "SCO"]
[BlackCountry "GER"]
[WhiteElo "1553"]
[WhiteRD "59"]
[BlackElo "2418"]
[BlackRD "79"]
[GameID "739345"]

1. e4 e5 2. Nf3 Nc6 3. Bc4 Nf6 4. Nc3 Nxe4 5. Nxe4 d5 6. Bxd5 Qxd5 7. Nc3 Qd6 8. d3 Bg4 9. h3 Bh5 10. g4 Bg6
11. Nh4 O-O-O 12. Nxg6 hxg6 13. Ne4 Qd5 14. f3 f5 15. gxf5 gxf5 16. Nc3 Qc5 17. Qe2 Nd4 18. Bg5 Nxe2
0-1

[Event "OpenGameCup2"]
[Site "SchemingMind.com"]
[Date "2023.11.20"]
[Round "-"]
[White "Helga1946"]
[Black "Allan Sedstrem"]
[Result "1-0"]
[WhiteCountry "GER"]
[BlackCountry "SCO"]
[WhiteElo "2418"]
[WhiteRD "79"]
[BlackElo "1553"]
[BlackRD "59"]
[GameID "739346"]

1. e4 e5 2. Nf3 Nc6 3. Bb5 Nd4 4. Nxd4 exd4 5. O-O a6 6. Ba4 b5 7. Bb3 Bb7 8. d3 d6 9. c3 dxc3 10. Nxc3 Nf6
11. d4 Be7 12. e5 dxe5 13. dxe5 Qxd1 14. Rxd1 Nd7 15. Bxf7+ Kxf7 16. Rxd7 Rac8 17. Bg5 Rhe8 18. f4 h6 19. Bxe7 Rxe7 20. Rxe7+ Kxe7
21. Kf2 Rd8 22. Ke3 Kf7 23. g3 Bg2 24. Rd1 Re8 25. Rd7+ Re7 26. Rxe7+ Kxe7 27. b4 Ke6 28. Kd4 Kd7 29. f5 Ke7 30. Nd5+ Bxd5
31. Kxd5 Kd7 32. g4 c6+ 33. Kc5 Kc7 34. e6
1-0

[Event "OpenGameCup2"]
[Site "SchemingMind.com"]
[Date "2023.11.24"]
[Round "-"]
[White "malcolm chugg"]
[Black "Tintinyana"]
[Result "0-1"]
[WhiteCountry "WLS"]
[BlackCountry "RSA"]
[WhiteElo "1144"]
[WhiteRD "50"]
[BlackElo "1680"]
[BlackRD "98"]
[GameID "739478"]

1. e4 e5 2. Nf3 Bc5 3. Qe2 Nc6 4. d3 d6 5. Be3 f5 6. Bxc5 dxc5 7. c3 f4 8. Nbd2 Nf6 9. O-O-O Bg4 10. h3 Bh5
11. Nc4 b5 12. Ncxe5 Nxe5 13. g4 Nxf3 14. gxh5 Ng5 15. h4 Ne6 16. Bh3 Qe7 17. e5 Nd7 18. Bg2 Rb8 19. Rd2 b4 20. Qg4 bxc3
21. Rc2 Nxe5 22. Qe2 Nd4 23. Qd1 Nxc2 24. Qxc2 cxb2+ 25. Kd2 O-O 26. Bd5+ Kh8 27. Qb1 Ng4 28. f3 Nf2 29. Rh2 Qe3+ 30. Kc3 Qd4+
31. Kd2 Rfe8 32. Be4 c4 33. Ke1 Nxe4 34. fxe4 Qg1+
0-1

[Event "OpenGameCup2"]
[Site "SchemingMind.com"]
[Date "2023.11.24"]
[Round "-"]
[White "Tintinyana"]
[Black "malcolm chugg"]
[Result "1-0"]
[WhiteCountry "RSA"]
[BlackCountry "WLS"]
[WhiteElo "1680"]
[WhiteRD "98"]
[BlackElo "1144"]
[BlackRD "50"]
[GameID "739479"]

1. e4 e5 2. Nf3 Nf6 3. Nxe5 Nxe4 4. Qe2 Nd6 5. Nc6+ Be7 6. Nxd8 Kxd8 7. d4 Re8 8. Be3 Bf6 9. c3 Nc6 10. Nd2 h6
11. O-O-O Nf5 12. Qd3 Nh4 13. g3 Ng6 14. Bg2 Nce7 15. h4 h5 16. Ne4 Ng8 17. Ng5 Nh6 18. Nxf7+ Nxf7 19. Qxg6 Nd6 20. Qxh5 Re7
21. g4 Rf7 22. g5 Be7 23. Qh8+ Bf8 24. h5 Nf5 25. Bd5 d6 26. Bxf7 Ke7 27. g6 Be6 28. Bg5+ Kd7 29. Qg8 Ne7 30. Bxe6+ Kc6
31. Bxe7 Bxe7 32. Qxa8
1-0

[Event "OpenGameCup2"]
[Site "SchemingMind.com"]
[Date "2023.12.24"]
[Round "-"]
[White "Helga1946"]
[Black "William Lindberg"]
[Result "1/2-1/2"]
[WhiteCountry "GER"]
[BlackCountry "USA"]
[WhiteElo "2422"]
[WhiteRD "75"]
[BlackElo "2402"]
[BlackRD "65"]
[GameID "740438"]

1. e4 e5 2. Nf3 Nc6 3. Bb5 a6 4. Bxc6 dxc6 5. d3 Bd6 6. d4 Bg4 7. dxe5 Bxe5 8. Qxd8+ Rxd8 9. Nbd2 Bf4 10. h3 Be6
11. Nb3 Bxc1 12. Rxc1 Bxb3 13. axb3 Nf6 14. Nd2 O-O 15. g4 Rfe8 16. f3 Nd5 17. Kf2 Nf4 18. Nc4 g5 19. Ke3 Ng2+ 20. Kf2 Nf4
21. Ke3 Ng2+=
1/2-1/2

[Event "OpenGameCup2"]
[Site "SchemingMind.com"]
[Date "2023.12.24"]
[Round "-"]
[White "William Lindberg"]
[Black "Helga1946"]
[Result "1/2-1/2"]
[WhiteCountry "USA"]
[BlackCountry "GER"]
[WhiteElo "2402"]
[WhiteRD "65"]
[BlackElo "2422"]
[BlackRD "75"]
[GameID "740439"]

1. e4 e5 2. Nf3 Nc6 3. Bb5 a6 4. Ba4 b5 5. Bb3 Nf6 6. O-O Bb7 7. c3 Nxe4 8. d4 exd4 9. Re1 d5 10. Ng5 Qd7
11. f3 h6 12. Nxf7 Qxf7 13. fxe4 O-O-O 14. Bxd5 Qf6 15. Rf1 Qh4 16. Rf4 Qe7 17. cxd4 g5 18. Rf7 Qe8 19. Rf3 g4 20. Rf2 Kb8
21. a4 b4 22. Nc3 Bg7 23. Ne2 Nxd4 24. Nxd4 Bxd5 25. exd5 Rxd5 26. Be3 Bxd4 27. Bxd4 Qd7 28. Qf1 Rxd4 29. Qxa6 Rd1+ 30. Rxd1 Qxd1+
31. Qf1 Rd8 32. Rf4 Rd4 33. Qxd1 Rxd1+ 34. Kf2 Rd2+ 35. Ke3 Rxb2 36. Rxg4 Ka7 37. Kd3 Ka6=
1/2-1/2

[Event "OpenGameCup2"]
[Site "SchemingMind.com"]
[Date "2024.01.18"]
[Round "-"]
[White "The Stonewall"]
[Black "flyinduck"]
[Result "1-0"]
[WhiteCountry "ENG"]
[BlackCountry "CAN"]
[WhiteElo "2302"]
[WhiteRD "73"]
[BlackElo "1953"]
[BlackRD "79"]
[GameID "741379"]

1. e4 e5 2. Bc4 Nc6 3. Nc3 Bc5 4. Qg4 g6 5. Qf3 Nf6 6. Nge2 O-O 7. d3 Na5 8. Bh6 Re8 9. Nd5 Be7 10. Nxe7+ Qxe7
11. Bg5 Kg7 12. Nc3 c6 13. Qh3 Nxc4 14. Qh6+ Kh8 15. Qh4 Kg7 16. dxc4 d6 17. b3 Qe6 18. Bh6+ Kh8 19. O-O-O Ng8 20. Be3 b6
21. Rhf1 f6 22. f4 Bb7 23. f5 gxf5 24. Rxf5 Rad8 25. g4 b5 26. g5 fxg5 27. Bxg5 Rd7 28. Rf6 Nxf6 29. Bxf6+ Rg7 30. Rg1 Re7
31. Qh6 Qg8 32. Rxg7 Rxg7 33. cxb5 Qf7 34. Bxg7+ Qxg7 35. Qxd6
1-0

[Event "OpenGameCup2"]
[Site "SchemingMind.com"]
[Date "2024.01.14"]
[Round "-"]
[White "flyinduck"]
[Black "The Stonewall"]
[Result "0-1"]
[WhiteCountry "CAN"]
[BlackCountry "ENG"]
[WhiteElo "1953"]
[WhiteRD "79"]
[BlackElo "2302"]
[BlackRD "73"]
[GameID "741380"]

1. e4 e5 2. Nf3 Nc6 3. Bc4 Bc5 4. c3 Nf6 5. d3 a6 6. a4 d6 7. h3 O-O 8. O-O Be6 9. Nbd2 d5 10. exd5 Nxd5
11. Re1 f6 12. d4 Ba7 13. Ne4 Kh8 14. dxe5 Nxe5 15. Nxe5 fxe5 16. Bg5 Qd7 17. Qh5 Rf5 18. Rad1 Qc6 19. Bxd5 Bxd5 20. g4 Rxf2
21. Nxf2 Bh1 22. Kf1 Qg2+ 23. Ke2 Qxf2+ 24. Kd3 e4+ 25. Rxe4 Bxe4+
0-1

[Event "OpenGameCup2"]
[Site "SchemingMind.com"]
[Date "2024.02.18"]
[Round "-"]
[White "The Stonewall"]
[Black "William Lindberg"]
[Result "*"]
[WhiteCountry "ENG"]
[BlackCountry "USA"]
[WhiteElo "2262"]
[WhiteRD "77"]
[BlackElo "2361"]
[BlackRD "69"]
[GameID "742315"]

1. e4 e5 2. Nf3 Nc6 3. Nc3 Nf6 4. Bb5 Bc5 5. O-O O-O 6. Nxe5 Nxe5 7. d4 Bd6 8. f4 Neg4 9. e5 Bb4 10. f5 Re8
11. exf6 Nxf6 12. Bg5 c6 13. Bd3 Be7 14. Qf3 h6 15. Bh4 Qb6 16. Qf4 d5 17. Rae1 Qd8 18. Qf3 Bd7 19. Re3 Bf8 20. Rxe8 Bxe8
21. Re1 c5 22. Qf2 Bc6 23. dxc5 Ng4 24. Qg3 Bxc5+ 25. Kf1 Nf6 26. Qe5 a6 27. Bxf6 gxf6 28. Qf4 Ba7 29. Ne2 Qb6 30. b3 Re8
31. c3 Re3 32. Rd1 Bb5 33. Bxb5 Qxb5 34. Qg4+ Kh7 35. Qh5 Kg7 36. Qg4+ Kh7 37. Qh5 Kg7 38. Qg4+ Kf8 39. Qb4+
*

[Event "OpenGameCup2"]
[Site "SchemingMind.com"]
[Date "2024.02.18"]
[Round "-"]
[White "William Lindberg"]
[Black "The Stonewall"]
[Result "*"]
[WhiteCountry "USA"]
[BlackCountry "ENG"]
[WhiteElo "2361"]
[WhiteRD "69"]
[BlackElo "2262"]
[BlackRD "77"]
[GameID "742316"]

1. e4 e5 2. Nf3 Nf6 3. Nxe5 d6 4. Nf3 Nxe4 5. d4 d5 6. Bd3 Bd6 7. O-O O-O 8. c4 c6 9. Re1 Bf5 10. Qb3 Qd7
11. Nc3 Nxc3 12. Bxf5 Qxf5 13. bxc3 b6 14. cxd5 cxd5 15. Qb5 Qd7 16. a4 Rc8 17. Rb1 Nc6 18. g3 Be7 19. Ne5 Nxe5 20. Rxe5 Rd8
21. Re2 Rac8 22. Bd2 h6 23. Rbe1 Bf8 24. Kg2 Qc6 25. Qxc6 Rxc6 26. Re8 Rcc8 27. Rxd8 Rxd8 28. Kf3 Bd6 29. Bf4 Kf8 30. h4 Bxf4
31. Kxf4 Rd6 32. Rb1 Ke7 33. a5 Ke6 34. axb6 Rxb6 35. Ra1 a6 36. h5 g6 37. hxg6 fxg6
*

[Event "OpenGameCup2"]
[Site "SchemingMind.com"]
[Date "2024.04.07"]
[Round "-"]
[White "eliecercruzr"]
[Black "MazetaFighter"]
[Result "1-0"]
[WhiteCountry "CUB"]
[BlackCountry "GRE"]
[WhiteElo "2383"]
[WhiteRD "60"]
[BlackElo "2123"]
[BlackRD "80"]
[GameID "743598"]

1. e4 e5 2. Nf3 Nc6 3. d4 exd4 4. Nxd4 Nf6 5. Nxc6 bxc6 6. e5 Qe7 7. Qe2 Nd5 8. c4 Ba6 9. g3 g6 10. b3 Bg7
11. Bb2 O-O 12. Bg2 Rae8 13. O-O Bxe5 14. Qxe5 Qxe5 15. Bxe5 Rxe5 16. cxd5 Bxf1 17. Kxf1 cxd5 18. Nc3 c6= 19. Bf3 d6 20. Rc1 Rc8
21. Nxd5
1-0

[Event "OpenGameCup2"]
[Site "SchemingMind.com"]
[Date "2024.04.07"]
[Round "-"]
[White "MazetaFighter"]
[Black "eliecercruzr"]
[Result "0-1"]
[WhiteCountry "GRE"]
[BlackCountry "CUB"]
[WhiteElo "2123"]
[WhiteRD "80"]
[BlackElo "2383"]
[BlackRD "60"]
[GameID "743599"]

1. e4 e5 2. Nf3 Nc6 3. Bb5 a6 4. Bxc6 dxc6 5. d4 exd4 6. Qxd4 Qxd4 7. Nxd4 Bd7 8. Be3 O-O-O 9. Nc3 Ne7 10. f3 Ng6
11. Kf2 h5 12. h4 b6 13. Rad1 Ne5 14. Ke2 c5 15. Nf5 g6 16. Ng3 Nc4 17. Bc1 Bg7 18. Rd3 Rhe8
0-1